000 00362nam a2200157 i 4500
001 bg
100 1 _aBORN, Maks
245 0 _aEjnstejnovskaja teorija otnositelnosti /
_cMaks Born.
250 _aIzd.2 ispravl.
260 _aMoskva,
_c1972.
040 _cBPK
041 _apol
080 _a530.1
942 _cKS
008 s pl f |000 0 pol
999 _c14551
_d14551
856 _uhttp://koha.tu.koszalin.pl/cgi-bin/koha/opac-detail.pl?biblionumber=14551
_yKatalog online BPK